000 00281nam a2200097 4500
999 _c514194
_d514194
082 _aB142x5444 K147f
100 _aKarnataka. Fiscal policy Institute
_918596
245 _aFacilitating gender audit: a guide for Auditors, Trainers and Researchers
260 _a2019
300 _a206p.